| 000 | 00462cam a2200181ua 4500 | ||
|---|---|---|---|
| 001 | 2346 | ||
| 008 | 110805n ii |||gr||||Z||||||asm | ||
| 040 | _cMAIN | ||
| 082 | _a371.1 | ||
| 100 |
_aBorah, Nirmala, _eAuthor. |
||
| 245 | 1 |
_aBuniyadi bidyaloiar shikshak sarathi _ced. by Nirmala Borah |
|
| 250 | _a1st. | ||
| 260 |
_aShillong: _b[s.n]962. |
||
| 300 | _a147p:9cm. | ||
| 653 | _aEducation | ||
| 653 | _aBuniyadi bidyaloiar shikshak sarathi | ||
| 942 | _cBK | ||
| 999 |
_c2204 _d2204 |
||